000
00322nam a22001337a 4500
999
_c
12194
_d
12194
020
_a
978-0134428802
082
_a
621.38
100
_a
Jai P.Agrawal
245
_a
Power Electronic Systems Theory and Design
260
_a
New Delhi
_b
Pearson
_c
2002
300
_a
562
650
_a
Electrical Engineering
942
_c
BK